000 00437nam a2200133Ia 4500
008 100328s9999 xx 000 0 und d
082 _b26110
100 _aजागीरदार गजानन
245 _aअभिनय कसा करावा
260 _bइंडीया बुक कं.
630 _aअभिनय कसा करावा
730 _aअभिनय कसा करावा
942 _cBOOK
999 _c518611
_d518608